[Event "58. BEM 2004"]
[Site "Dortmund"]
[Date "2004.03.11"]
[Round "6.5"]
[White "Borjini, Mohamed"]
[Black "Kartsev, Soel"]
[Result "1-0"]
[WhiteElo "1918"]
[BlackElo "2172"]
[Annotator "Fritz 7 (15s)"]
[PlyCount "61"]
[EventDate "2004.??.??"]
[Source "SG Dortmund"]
[SourceDate "2004.12.16"]

{A51: Budapest Gambit, Fajarowicz Variation
} 1. d4 Nf6 2. c4 e5 3. dxe5 Ne4 4.
Nf3 Nc6 5. e3 Bb4+ 6. Nbd2 Qe7 7. Be2 Nxe5 (7... b6 8. O-O Nxd2 9. Bxd2 Bxd2
10. Qxd2 Bb7 11. Qc3 O-O-O 12. Rac1 Rhe8 13. c5 Kb8 14. Rfd1 g5 15. Nd4 Rc8 16.
Bf3 Nxe5 17. Bxb7 Kxb7 18. Qb3 Qf6 19. cxb6 axb6 20. Nb5 Qd8 21. Qd5+ Kb8 22.
Rc3 {Campos Moreno,J-Vega Holm,F/Santiago 1995/EXT 98/0-1 (36)}) 8. O-O Bxd2
$146 (8... Nxf3+ 9. Nxf3 a5 (9... O-O 10. Nd4 Bc5 11. Qc2 c6 12. b3 d5 13. Bb2
Bd7 14. Bd3 Rfe8 15. f3 Nf6 16. Rae1 dxc4 17. bxc4 Rad8 18. Bf5 Bxd4 19. Bxd4
Bxf5 20. Qxf5 Nd7 21. Qa5 c5 22. Ba1 Nb6 23. e4 Rd3 24. Rc1 {
Topalov,V-Romero Holmes,A/Mesa 1992/TD/1/2-1/2 (54)}) 10. Nd4 O-O 11. f3 Nf6
12. Kh1 d5 13. cxd5 Nxd5 14. e4 Nf6 15. Be3 Nd5 16. Nf5 Bxf5 17. Qxd5 Qd7 18.
Rfd1 Qxd5 19. Rxd5 Be6 20. Rb5 b6 21. a3 Bd6 22. Rc1 Rfe8 23. Kg1 {
Comas Fabrego,L-Bellon Lopez,J/Terrassa 1994/EXT 2000/1/2-1/2 (43)}) 9. Nxd2
Nf6 10. Nf3 d6 {Ueberdeckt e5} 11. b3 Bd7 12. Bb2 O-O-O 13. b4 h5 14. b5 {
Weiss erobert Raum} 14... Rh6 15. Qa4 Kb8 16. Nxe5 dxe5 17. c5 Qxc5 18. Rac1
Qe7 19. Ba3 Qe8 20. Rxc7 Kxc7 $4 {fuehrt zu weiterem Ungemach} (20... Nd5 $142
21. Rcc1 Bg4 22. Bxg4 Nb6 $16) 21. Qa5+ $18 Kc8 22. Rc1+ Bc6 23. bxc6 Nd5 24.
Bb5 bxc6 25. Qxa7 Nc7 26. Ba6+ Kd7 27. Bc4 Rb8 28. Rd1+ Kc8 29. Ba6+ Nxa6 30.
Qxa6+ Rb7 $4 {Schwarz verkuerzt seine Leiden} (30... Kc7 $142 31. Qa7+ Rb7 32.
Qa5+ Kc8 $18) 31. Rb1 (31. Rb1 Kd7 32. Rxb7+ Ke6 33. Re7+ Qxe7 34. Qxc6+ Qd6
35. Qxd6+ Kf5 36. Qd7+ Kg6 37. e4 $18) 1-0

[Event "58. BEM 2004"]
[Site "Dortmund"]
[Date "2004.03.11"]
[Round "6.6"]
[White "Iwannek, Ralf"]
[Black "Schiefelbusch, Dirk"]
[Result "0-1"]
[WhiteElo "1771"]
[BlackElo "2103"]
[Annotator "Fritz 7 (15s)"]
[PlyCount "106"]
[EventDate "2004.??.??"]
[Source "SG Dortmund"]
[SourceDate "2004.12.16"]

{B95: Sicilian Najdorf: 6 Bg5 e6, unusual White 7th moves
} 1. e4 c5 2. Nf3 d6
3. d4 cxd4 4. Nxd4 Nf6 5. Nc3 e6 6. Bg5 a6 7. Bd3 Be7 8. Qd2 O-O (8... b5 9.
O-O-O Bb7 10. Rhe1 Nbd7 11. f4 O-O 12. e5 dxe5 13. fxe5 b4 14. exf6 bxc3 15.
Bxh7+ Kh8 16. fxg7+ Kxg7 17. Nxe6+ fxe6 18. Qxd7 Rf7 19. Bxe7 cxb2+ 20. Kxb2
Qxe7 21. Qxe7 Rxe7 22. Be4 Rh8 23. h3 {Wibe,T-Berkell,P/Skien 1980/MCD/1-0 (50)
}) 9. O-O (9. O-O-O Qc7 10. Rdg1 Nc6 11. Nxc6 bxc6 12. g4 Rb8 13. h4 Qb7 14. b3
d5 15. e5 Ba3+ 16. Kb1 Nd7 17. Bf4 c5 18. g5 c4 19. Be2 Nc5 20. Bd1 Bb4 21. Qd4
Qc7 22. h5 cxb3 23. cxb3 Nxb3 24. Bxb3 Qxc3 25. Qxc3 Bxc3 26. Rh3 Ba5 27. Be3
Bd7 28. g6 Ba4 29. gxh7+ Kxh7 30. h6 g6 31. Kb2 Rfc8 32. Rf3 Rb7 33. Ka3 Bxb3
34. axb3 Bb4+ 35. Ka2 Ba5 36. Rf4 Bd8 37. Rf3 Rd7 38. Rb1 Rc2+ 39. Ka1 Ba5 40.
Bd4 Rdc7 41. b4 R2c4 42. Bc5 Rb7 43. Ra3 Bxb4 {
Jaeger,G-Nussbaumer,F/Soechau 2000/EXT 2001/0-1 (54)}) 9... Nc6 10. Nf3 $146 (
10. Nxc6 bxc6 11. Rad1 Rb8 12. b3 Qc7 13. Bf4 e5 14. Bg3 Nh5 15. Ne2 Nxg3 16.
Nxg3 a5 17. Bc4 Kh8 18. Kh1 f5 19. f3 f4 20. Ne2 Rf6 21. Rg1 Bd7 22. Nc3 Rbf8
23. Qf2 Rh6 24. Rgf1 Bh4 25. Qg1 Bg3 26. h3 Qc8 27. Rd2 Bxh3 28. gxh3 Qxh3+ 29.
Rh2 Bxh2 30. Qg2 Bg3+ {
0-1 Renziehausen,K-Schwetje,J/Osterode 1998/EXT 2002 (30)}) 10... b5 11. Ne2
Bb7 12. c3 {Verhindert das Eindringen auf b4+d4} 12... Qb6 13. a3 {
Kontrolliert b4} 13... Rfe8 14. Rfe1 Rac8 15. Ned4 Na5 16. Qc2 h6 17. Bxf6 Bxf6
18. Qe2 Nc6 19. Nxc6 Qxc6 20. Rad1 Qc7 21. Qd2 Rb8 22. Rc1 Red8 23. Qe2 Bc6 24.
Nd4 Bb7 25. Nf3 Ba8 26. Rc2 Rdc8 27. Rec1 Qb6 28. h3 Qc5 29. b4 Qb6 30. c4 bxc4
31. Rxc4 Rxc4 32. Rxc4 a5 33. Qc2 Bb7 34. bxa5 Qxa5 35. Rb4 (35. Qb3 d5 36. Rb4
Qa7 $14) 35... Rc8 36. Qa2 Qa8 37. Kh2 g6 38. Qb1 Bc6 39. Qb3 Kg7 40. Nd4 Be5+
41. g3 {Nimmt Einfluss auf f4} 41... Qa7 (41... Bxe4 $2 {
ist ein Schlag ins Wasser} 42. Bxe4 Bxg3+ 43. Qxg3 Qxe4 44. Nb5 $18) 42. Qb2
Ba8 43. a4 Rc5 44. f4 Bf6 45. Qf2 (45. Qd2 e5 46. Nb5 Qe7 $15) 45... Rc7 (45...
Ra5 46. Qe3 $17) 46. Qg1 $2 (46. Rb6 Qxa4 47. Nb5 $17) 46... Qa5 $17 47. Qb1 $4
{schlecht aber verstaendlich} (47. Nb5 $142 Rc3 $1 {
ueberlaesst Schwarz die besseren Chancen} 48. Nxc3 Qxb4 49. Ne2 $19) 47... Rc3
(47... Bxd4 {und Schwarz haette es noch leichter} 48. h4 e5 49. fxe5 Bxe5 50.
h5 $19) 48. Bc2 (48. Rb5 Qa7 49. Rb6 Rxd3 50. Qxd3 Qxb6 51. Nxe6+ fxe6 52. Qc2
$19) 48... Qc5 49. e5 dxe5 50. fxe5 (50. Be4 {aendert nichts mehr} 50... Rc1
51. Nxe6+ fxe6 52. Rb7+ Bxb7 53. Qxb7+ Be7 $19) 50... Bxe5 51. Bxg6 (51. Be4 {
ist ein letzter Strohhalm} 51... Rxg3 52. Bxa8 Rb3+ 53. Kh1 Rxb1+ 54. Rxb1 Qxd4
55. Bg2 $19) 51... Bxd4 (51... Bxg3+ 52. Kg1 Rc1+ 53. Qxc1 Qxc1#) 52. h4 fxg6
53. h5 Qxh5# 0-1

[Event "58. BEM 2004"]
[Site "Dortmund"]
[Date "2004.03.11"]
[Round "6.7"]
[White "Goldschmidt, Christian"]
[Black "Kleymann, Jelena"]
[Result "1-0"]
[WhiteElo "2109"]
[BlackElo "1865"]
[Annotator "Fritz 7 (15s)"]
[PlyCount "69"]
[EventDate "2004.??.??"]
[Source "SG Dortmund"]
[SourceDate "2004.12.16"]

{C00: French: Unusual White 2nd moves
} 1. e4 e6 2. d3 d5 3. Nd2 c5 4. Ngf3 Nc6
5. g3 b6 6. Bg2 Bb7 7. O-O Nf6 8. Re1 Be7 9. e5 Nd7 10. c4 d4 11. Ne4 Qc7 $146
{Alles auf e5!} (11... Ndxe5 12. Nxe5 Nxe5 13. Nf6+ (13. Nxc5 Bxg2 14. Kxg2
bxc5 15. Rxe5 Bd6 16. Re4 O-O 17. Qh5 g6 18. Qf3 Re8 19. h4 f5 20. Re2 h5 21.
Bg5 Qd7 22. Bf4 Rab8 23. Rae1 Kf7 24. b3 Qc7 25. Bxd6 Qxd6 26. Re5 Rb6 27. Qf4
Kg7 {Ciampi,V-Delizia,C/Ischia 1994/EXT 98/1-0 (47)}) (13. Bf4 Nc6 14. Qh5 Qd7
15. Ng5 Bxg5 16. Bxg5 O-O 17. Re4 f6 18. Rxe6 Nd8 19. Bxb7 Qxb7 20. Re8 fxg5
21. Rxf8+ Kxf8 22. Re1 Nf7 23. Qxh7 Qc6 24. h4 gxh4 25. Qxh4 Re8 26. Rxe8+ Qxe8
27. Qf4 Qe7 28. a3 g6 29. b4 Kg7 30. bxc5 bxc5 31. Kf1 Qb7 {
0-1 Bornemann,W-Lauzeningks,J/Germany 1995/GER-chT2 (31)}) 13... gxf6 14. Bxb7
Rb8 15. Ba6 h5 16. Bf4 Bd6 17. Bxe5 Bxe5 18. f4 Bd6 19. f5 Be5 20. Qf3 Ke7 21.
Re4 Qc7 22. Rae1 h4 23. Rxe5 fxe5 24. f6+ Kd8 25. gxh4 Rxh4 26. Qg3 Rh6 27. Qf3
e4 28. Rxe4 Qxh2+ 29. Kf1 Qh1+ 30. Qxh1 Rxh1+ 31. Kg2 Rh6 32. Rf4 Kc7 {
0-1 Leshchenko,S-Hryhorenko,N/Kharkov 2001/EXT 2002 (32)}) (11... O-O 12. Bf4
Rb8 13. h4 a6 14. Nfg5 h6 15. Nf3 b5 16. b3 bxc4 17. bxc4 Ba8 18. Qd2 Qa5 19.
Bxh6 Qxd2 20. Bxd2 Ncxe5 21. Nxe5 Nxe5 22. Nxc5 Nxc4 23. Bf4 Rbc8 24. Nxe6 fxe6
25. dxc4 Bxg2 26. Kxg2 {Zaw,W-Than,S/Yangon 1999/EXT 2000/1-0 (40)}) 12. Bf4
Nf8 (12... O-O $5 $11 {kommt in Betracht}) 13. Bg5 $16 O-O-O 14. Nd6+ Rxd6 15.
exd6 Bxd6 16. a3 {Deckt b4} 16... h6 17. Bd2 g5 18. b4 {Der Standardhebel}
18... g4 19. bxc5 bxc5 20. Nh4 f5 $2 (20... Ne5 $142 21. Bf4 Nfd7 $16) 21. Rb1
$18 h5 22. Qa4 Nd8 (22... Kd7 23. Rb5 f4 24. Bxf4 Bxf4 25. gxf4 $18) 23. Qxa7 (
23. Bxb7+ Nxb7 24. Nxf5 exf5 25. Re8+ Nd8 26. Ba5 $18) 23... Bxg2 24. Qxc7+
Bxc7 25. Kxg2 Nc6 26. Bf4 e5 27. Bd2 f4 28. f3 Ne6 29. gxf4 Nxf4+ 30. Bxf4 exf4
31. Ng6 gxf3+ (31... Rg8 32. Ne7+ Nxe7 33. Rxe7 Rg5 $18) 32. Kxf3 Rh6 33. Ne7+
Nxe7 34. Rxe7 Ra6 35. Rg1 (35. Rg1 Rxa3 36. Rg8+ Kb7 37. Ke4 $18) 1-0

[Event "58. BEM 2004"]
[Site "Dortmund"]
[Date "2004.03.11"]
[Round "6.8"]
[White "Woestmann, Ulrich"]
[Black "Gielisch, Eckhart"]
[Result "1-0"]
[WhiteElo "1972"]
[BlackElo "1851"]
[Annotator "Fritz 7 (15s)"]
[PlyCount "95"]
[EventDate "2004.??.??"]
[Source "SG Dortmund"]
[SourceDate "2004.12.16"]

{C01: French: Exchange Variation
} 1. e4 e6 2. d4 d5 3. exd5 exd5 4. Bd3 Bd6 5.
Nc3 c6 6. h3 h6 (6... Be6 7. Nf3 Nd7 8. O-O h6 9. Re1 Qc7 10. Bf5 Nf8 11. Bxe6
Nxe6 12. Ne5 Nf6 13. Qd3 O-O-O 14. Bd2 g5 15. Qf5 Bxe5 16. dxe5 Nh5 17. Ne2 Kb8
18. g4 Nhg7 19. Qf6 h5 20. Bxg5 Nxg5 21. Qxg5 {
Gonzalez Intelangelo,G-Perez Aleman,P/Las Palmas 1996/EXT 99/1/2-1/2 (66)}) (
6... Ne7 7. Nge2 Qc7 8. O-O Bf5 9. Re1 Bxd3 10. Qxd3 {
1/2-1/2 Stauss,F-Kozul,B/Ueberlingen 2000/EXT 2001 (10)}) 7. Nf3 Ne7 8. Qe2
$146 (8. O-O Be6 9. Ne5 Qb6 10. Ne2 Nd7 11. Nxd7 Kxd7 12. b3 Rae8 13. c4 Qd8
14. Bf4 Kc8 15. Bg3 g5 16. c5 Bc7 17. b4 f5 18. Bxc7 Qxc7 19. b5 f4 20. Qa4 f3
21. Ng3 cxb5 22. Bxb5 Nc6 23. Rab1 a6 24. Bxc6 Qxc6 25. Qxc6+ bxc6 26. Rb6 Kc7
27. Rxa6 Ra8 28. Rb6 Rxa2 29. Rfb1 Ra7 30. Kh2 Rf8 {
1/2-1/2 Borzovic,V-Kasanicky,R/Hlohovec 1993/EXT 97 (30)}) 8... O-O 9. g4 Ng6
10. Bxg6 fxg6 11. Ne5 Bxe5 12. dxe5 d4 13. Qc4+ Kh7 14. Ne2 Qa5+ 15. Bd2 Qxe5
16. Qxd4 Nd7 17. f4 Qxd4 18. Nxd4 Nf6 19. O-O-O Bd7 20. Nf3 Ne4 21. Be3 Be6 22.
Rhe1 Bd5 23. Ne5 {Der Springer ist gut plaziert} 23... b5 24. Rd4 Rae8 25. h4 (
25. Bd2 Nxd2 26. Kxd2 Rd8 $14) 25... a5 26. b3 {Ueberdeckt c4} 26... Nc3 (26...
g5 $5 27. hxg5 hxg5 28. Rh1+ Kg8 $11) 27. a3 b4 28. axb4 axb4 29. Nd3 (29. Rxb4
$2 {scheitert an} 29... Na2+ 30. Kb2 Nxb4 $19) 29... Bf3 30. Kd2 (30. Nxb4 $2 {
funktioniert nicht} 30... c5 31. Rc4 cxb4 $19) ({Schwaecher scheint} 30. Rxb4
Nd5 31. Kd2 Nxb4 (31... Rxe3 $143 32. Rxe3 Bxg4 33. Rc4 $16) 32. Nxb4 Re4 $15)
30... Ne4+ 31. Kc1 c5 32. Rc4 Ra8 (32... Bxg4 $5 {ist eine Alternative} 33. Kb2
g5 34. fxg5 hxg5 35. Nxc5 Nc3 $14) 33. Bxc5 Nxc5 34. Nxc5 Bxg4 35. Re7 Rfc8 36.
Nd3 Rxc4 37. bxc4 Bf5 38. Nxb4 Rc8 39. Nd5 Kg8 40. Ne3 Kf8 41. Re5 (41. Nxf5 $6
gxf5 42. Re5 Rxc4 43. Rxf5+ Ke7 $14) 41... Bd7 42. Kd2 Kf7 43. c5 Bc6 44. c4
Bf3 45. Kc3 Kf6 46. Kd4 Kf7 47. Nd5 Kf8 48. Re6 (48. Re6 Kf7 49. Ra6 $18) 1-0

[Event "58. BEM 2004"]
[Site "Dortmund"]
[Date "2004.03.11"]
[Round "6.9"]
[White "Grube, Jörg"]
[Black "Thormann, Olaf"]
[Result "1/2-1/2"]
[WhiteElo "1887"]
[BlackElo "1900"]
[Annotator "Fritz 7 (15s)"]
[PlyCount "56"]
[EventDate "2004.??.??"]
[Source "SG Dortmund"]
[SourceDate "2004.12.16"]

{B32: Sicilian: Loewenthal and Kalashnikov Variations
} 1. e4 c5 2. Nf3 Nc6 3.
d4 cxd4 4. Nxd4 e5 5. Nb5 a6 6. Nd6+ Bxd6 7. Qxd6 Qf6 8. Qxf6 Nxf6 9. Nc3 d5
10. exd5 Nb4 11. Kd2 (11. Bd3 Nxd3+ 12. cxd3 Bf5 13. Bg5 (13. O-O O-O 14. Bg5
Bxd3 15. Rfd1 Bf5 16. Bxf6 gxf6 17. d6 Rfd8 18. Nd5 Kg7 19. Nb6 Rab8 20. Rac1
Be6 21. b3 f5 22. Rc7 Kf6 23. f4 exf4 24. Kf2 h5 25. Kf3 Kg5 26. h4+ Kf6 27.
Kxf4 Rg8 {Ilfeld,E-McCollum,P/San Francisco 2000/CBM 79 ext/1-0 (43)}) 13...
Bxd3 14. Rd1 Bf5 15. Bxf6 gxf6 16. O-O O-O 17. f4 Bd7 18. Ne4 Kg7 19. fxe5 fxe5
20. Nf6 Rfd8 21. Rde1 Bb5 22. Rf3 Rd6 23. Nh5+ Kf8 24. Rxe5 Bc4 25. Nf4 Bxa2 {
Kavalek,L-Heidrich,M/Germany 1981/GER-chT/1/2-1/2 (37)}) 11... Bf5 12. Bd3 Bxd3
$146 (12... Nxd3 13. cxd3 O-O-O 14. Rd1 Nxd5 15. Nxd5 Rxd5 16. Ke1 Rxd3 17. Bd2
b6 18. Rac1+ Kb7 19. Bc3 f6 20. Ke2 Rhd8 21. Rd2 e4 22. h3 Be6 23. b3 Bf7 24.
Rxd3 Rxd3 25. Bd2 Be8 26. Bf4 Bc6 27. g3 a5 28. Rd1 Bb5 29. Rxd3 Bxd3+ 30. Ke3
Kc6 31. Kd4 b5 32. b4 axb4 33. Bd2 Bb1 34. Bxb4 Bxa2 35. Kxe4 Be6 36. h4 g6 37.
Be7 Ba2 38. Bxf6 b4 39. h5 Kd6 {
1/2-1/2 Laurent,V-Sanchez,S/Merida 1997/EXT 99 (39)}) 13. cxd3 O-O-O {
Wird der Isolani fallen?} ({Weniger gut ist} 13... Nbxd5 14. Re1 $14) 14. a3
Nbxd5 15. Ke2 Rhe8 16. Nxd5 Rxd5 17. Be3 Red8 {Ist d3 bedroht?} 18. Rac1+ Kb8
19. Bb6 (19. Rc2 $5 $11 {ist zu ueberlegen}) 19... R8d7 $17 20. Rc2 Rb5 ({
Jedoch nicht} 20... Rxd3 21. Rhc1 Rd8 22. Bxd8 Rxd8 23. Rc7 $16) 21. Be3 Nd5
22. Rhc1 Ne7 (22... b6 23. g3 $15) 23. Bc5 Nc6 24. b4 Nd4+ 25. Bxd4 exd4 26.
Rc8+ Ka7 27. R1c7 Re5+ 28. Kd2 Ree7 1/2-1/2

[Event "58. BEM 2004"]
[Site "Dortmund"]
[Date "2004.03.11"]
[Round "6.10"]
[White "Krüger, Georg"]
[Black "Starp, Klaus"]
[Result "0-1"]
[WhiteElo "1753"]
[BlackElo "1892"]
[Annotator "Fritz 7 (15s)"]
[PlyCount "54"]
[EventDate "2004.??.??"]
[Source "SG Dortmund"]
[SourceDate "2004.12.16"]

{A76: Modern Benoni: Classical: 9...Re8 10 Qc2
} 1. d4 Nf6 2. Nf3 e6 3. c4 c5
4. d5 exd5 5. cxd5 d6 6. Nc3 g6 7. e4 Bg7 8. Be2 O-O 9. O-O Re8 10. Qc2 Na6 11.
h3 (11. Nd2 Rb8 (11... Nc7 12. a4 b6 13. Nc4 Ba6 14. h3 Bxc4 15. Bxc4 a6 16.
Re1 Nd7 17. Bf4 Ne5 18. Bf1 Rb8 19. Bh2 b5 20. f4 Nd7 21. axb5 axb5 22. Kh1 c4
23. Bg1 Qh4 24. Qd2 Bh6 25. Bh2 Nc5 26. Ra7 Qd8 27. Qc2 b4 28. Nd1 Nb5 29. Ra1
Nb3 30. Ra4 N5d4 31. Qxc4 Nc5 32. Ra2 b3 33. Ra7 Nc2 34. Re2 Rb4 35. Qc3 Qb6 {
0-1 Loiterstein,M-Cristobal,R/Mar del Plata 2000/CBM 79 ext (35)}) 12. Kh1 Nc7
13. a4 a6 14. a5 Qe7 15. Re1 Bd7 16. f3 Nh5 17. Nc4 f5 18. g4 fxg4 19. fxg4 Qh4
20. Rg1 Nf6 21. Bf4 Bxg4 22. Bxd6 Bxe2 23. Qxe2 Nxe4 24. Nxe4 Rxe4 25. Qg2 Rxc4
26. Bxc7 Re8 27. d6 Rd4 28. Qxb7 Be5 29. Qg2 Bxd6 30. Bxd6 Rxd6 31. Rac1 Qd4
32. Qc2 Qd5+ 33. Qg2 Re2 34. Qxd5+ Rxd5 35. Rg2 Rxg2 36. Kxg2 Kf7 37. Rc2 Ke6
38. Kf2 Kd6 39. Ke3 Rh5 40. Rf2 Kc6 {
0-1 Szymczak,Z-Doda,Z/Augustow 1975/MCD (40)}) 11... Rb8 12. Bg5 $146 (12. Bf4
Nc7 13. a4 Na6 14. Nd2 Nb4 15. Qd1 a6 16. a5 b5 17. axb6 Rxb6 18. Nc4 Nxe4 19.
Nxb6 Qxb6 20. Ra3 Bb7 21. Bf3 f5 22. Re1 Rf8 23. Nxe4 fxe4 24. Rxe4 Bxb2 25.
Rb3 Bg7 26. Bg4 a5 {Ansell,J-Davie,A/Hastings 1965/EXT 99/1-0 (54)}) 12... h6
13. Bh4 Nc7 14. a4 a6 {Es geht um b5} 15. a5 b5 16. axb6 Rxb6 17. Nd2 Nb5 18.
Nxb5 axb5 19. f4 Qc7 20. Ra5 (20. Rfe1 $142 $11 {sieht noch spielbar aus})
20... Nxd5 $1 $17 {haelt den Vorteil fest} 21. exd5 {Nutzt die Fesselung aus.}
21... Rxe2 22. Qd3 Re8 {Ermoeglicht auch c4} 23. Rfa1 (23. Ra2 $142 $19) 23...
Bxb2 24. R1a2 (24. Ne4 Bd4+ 25. Kf1 Bxa1 26. Rxa1 Rf8 $19) 24... Bf5 (24... c4
{ist genauer} 25. Qf1 Bd4+ 26. Kh1 $19) 25. Qb3 Bd4+ 26. Kh2 c4 27. Qb4 (27.
Qf3 {hilft auch nicht mehr} 27... Qc5 $19) 27... Qb7 (27... Qb7 28. Nf3 Bc5 $19
) 0-1

[Event "58. BEM 2004"]
[Site "Dortmund"]
[Date "2004.03.11"]
[Round "6.11"]
[White "Ziemek, Gerhard"]
[Black "Krause, Dieter"]
[Result "1/2-1/2"]
[WhiteElo "1740"]
[BlackElo "1873"]
[Annotator "Fritz 7 (15s)"]
[PlyCount "95"]
[EventDate "2004.??.??"]
[Source "SG Dortmund"]
[SourceDate "2004.12.16"]

{B07: Pirc Defence: Miscellaneous Systems
} 1. e4 d6 2. f4 g6 3. d4 Bg7 4. Nf3
Nf6 5. Bd3 O-O 6. O-O c5 7. c3 cxd4 8. cxd4 Nc6 9. Bd2 $146 (9. Nc3 Bg4 10. Be3
(10. d5 Nd4 11. Be2 Nxe2+ 12. Qxe2 a6 13. Be3 b5 14. a3 Rc8 15. h3 Bxf3 16.
Rxf3 Nd7 17. Na2 Rc4 18. Bf2 Qc7 19. Rd3 Nc5 20. Bxc5 Qxc5+ 21. Kh2 Rc8 22. Nb4
Rc1 23. Rd1 Rxa1 24. Rxa1 Qc4 25. Re1 Qxe2 26. Rxe2 Rc1 27. Nxa6 Bd4 28. Kg3 h5
29. Rd2 Bf6 30. Nb4 h4+ 31. Kf2 g5 32. fxg5 Bxg5 33. Rc2 Rb1 34. Nd3 Kg7 35.
Ke2 Bf6 36. Kd2 Kh6 37. Ke3 Bg5+ 38. Kd4 Bf6+ 39. Ke3 Bg5+ 40. Kf3 Rd1 41. Ke2
Rb1 42. Rc7 Rg1 43. Ne1 Bf6 44. b3 Bb2 {
Gileva,I-Tseitline,S/Eforie Nord 1998/EXT 2000/1/2-1/2 (61)}) 10... e5 11. fxe5
dxe5 12. d5 Nd4 13. Qd2 (13. Be2 Bxf3 14. Bxf3 Nd7 15. Qd2 Rc8 16. Bg5 Qa5 17.
Bg4 f5 18. exf5 gxf5 19. Bf3 e4 20. Bh5 Ne5 21. Kh1 Nc4 22. Qf2 Qb4 23. Nxe4
fxe4 24. Bf7+ Kh8 25. Bf6 Rxf7 26. Qxd4 Rxf6 27. Rxf6 Qe7 28. Raf1 Ne3 29. d6
Qxf6 30. Qxf6 Bxf6 31. d7 Rc7 {
0-1 Rasmussen,H-Auchenberg,P/Lyngby 1974/EXT 98 (31)}) 13... Nd7 14. Ne2 Nxe2+
15. Bxe2 Nf6 16. Bd3 Qd6 17. Rac1 Rfc8 18. a3 b6 19. Qf2 Rxc1 20. Rxc1 Rc8 21.
Rxc8+ Bxc8 22. Qc2 Bd7 23. Bd2 a5 {
Zambrana,O-Della Morte,P/Yucay 2001/EXT 2002/1-0 (58)}) 9... d5 10. e5 {
Weiss hat mehr Raum} 10... Ne4 {e4 ist ein Paradefeld fuer den Springer} 11.
Be3 Bg4 12. a3 {Verwehrt dem Gegner b4} 12... a5 13. Qc2 Rc8 14. Nc3 Bf5 15.
Nh4 ({Schlechter ist} 15. Nxe4 Nxe5 {Motiv: Abzugsangriff} (15... Bxe4 $143 16.
Bxe4 dxe4 17. Qxe4 $16) 16. Qe2 dxe4 17. Bxe4 Bxe4 18. fxe5 Rc2 $15) 15... Nb4
16. axb4 axb4 17. Nxf5 ({Und nicht} 17. Bxe4 Bxe4 18. Qb3 bxc3 19. bxc3 Qc7 $15
) 17... gxf5 18. Qe2 (18. Nxe4 $6 Rxc2 19. Bxc2 fxe4 $15) (18. Bxe4 $6 fxe4 19.
Qb3 bxc3 20. bxc3 Qd7 $14) 18... bxc3 19. bxc3 Rxc3 ({Schlechter scheint} 19...
Nxc3 20. Qh5 e6 21. g4 $16) 20. Rab1 Qc7 21. Bd2 Rc6 22. Bb4 Ra8 23. Bxe4 dxe4
24. Qb5 Rc2 25. Kh1 e6 26. Bd6 {Ein schoenes Feld fuer den Laeufer} 26... Qc6
27. Qxb7 Qxb7 28. Rxb7 Bf8 29. h3 e3 (29... Bxd6 30. exd6 Rc6 31. Rd7 $17) 30.
Re1 (30. Bxf8 Kxf8 31. Rb3 $15) 30... e2 (30... Bh6 $142 31. Rc7 Rb2 $19) 31.
Bxf8 $14 Kxf8 32. Rb3 Rd2 33. Rbb1 (33. Re3 $5 $11) 33... Ra4 34. Kg1 Raxd4 35.
g3 Rd1 36. Rb8+ (36. Kf2 $142 $5 $11 {kam sehr in Betracht}) 36... Kg7 $17 37.
Kf2 R4d2 (37... Rxe1 $142 38. Kxe1 Rd3 $17) 38. Rxe2 $11 Rxe2+ 39. Kxe2 Rh1 40.
h4 Ra1 41. Rb7 Kg6 42. h5+ Kxh5 43. Rxf7 Kg4 {
Der schwarze Koenig wird gefaehrlich} 44. Rg7+ Kh3 45. Kf2 h5 46. Rg6 Ra2+ 47.
Kf3 Ra3+ 48. Kf2 1/2-1/2

[Event "58. BEM 2004"]
[Site "Dortmund"]
[Date "2004.03.11"]
[Round "6.13"]
[White "Schultz, Bernfried"]
[Black "Mrozinski, Werner"]
[Result "0-1"]
[WhiteElo "1611"]
[BlackElo "1965"]
[Annotator "Fritz 7 (15s)"]
[PlyCount "58"]
[EventDate "2004.??.??"]
[Source "SG Dortmund"]
[SourceDate "2004.12.16"]

{B32: Sicilian: Loewenthal and Kalashnikov Variations
} 1. e4 c5 2. Nf3 Nc6 3.
d4 cxd4 4. Nxd4 e5 5. Nb5 a6 6. Nd6+ Bxd6 7. Qxd6 Qf6 8. Qd2 Qg6 9. Nc3 (9. f3
Nge7 10. c4 O-O 11. Nc3 d6 12. Bd3 f5 13. b3 Nd4 14. Bb2 fxe4 15. Nxe4 Nec6 16.
Ng3 Qf6 17. O-O Be6 18. Rad1 Rad8 19. Ne2 Nxe2+ 20. Qxe2 Qf7 21. Be4 d5 22.
cxd5 Bxd5 23. Rfe1 Rfe8 24. h3 Rd7 25. Rxd5 Rxd5 26. Bxd5 Qxd5 27. Rd1 Qc5+ 28.
Kh1 Re6 29. Rd7 Re7 30. Rxe7 Qxe7 31. Qc4+ Kf8 32. Qg4 g6 33. Qc8+ Kf7 34. a3
h5 35. b4 h4 36. Bc3 Nd8 37. Qc4+ Kf8 38. Qe4 Qg5 39. Bxe5 Nf7 40. Bf4 Qf6 41.
a4 Qa1+ 42. Kh2 Qxa4 43. Qxb7 Qb5 44. Qe4 Qb6 45. Be3 Qd6+ 46. Kh1 Qg3 47. Bc5+
Kg7 48. Bd4+ Kf8 49. Bf6 {1-0 Ermenkov,E-Peev,P/Plovdiv 1988/EXT 2002 (49)})
9... Nd4 10. f3 Ne7 11. Nd5 $146 (11. b3 b5 12. Ba3 Bb7 13. Bd3 Qb6 14. Ne2
Nec6 15. c3 Ne6 16. Ng3 g6 17. Nf1 Ne7 18. Ne3 Nf4 19. g3 Qxe3+ 20. Qxe3 Ng2+
21. Kf2 Nxe3 22. Kxe3 d5 23. Bd6 f6 24. a4 bxa4 25. Rxa4 Kd7 26. Bxe7 Kxe7 27.
Rha1 Rhc8 28. Kd2 dxe4 29. Bxe4 Bxe4 30. fxe4 Rc6 31. b4 Rd8+ 32. Kc2 Rdd6 33.
Ra5 Ke6 34. b5 axb5 35. Rxb5 Rc4 36. Rb4 Rc7 37. Rab1 h5 38. Rb6 Rcc6 39. Rxc6
Rxc6 40. Kd3 f5 41. Rb8 Kf6 42. exf5 gxf5 43. Rg8 Rc7 44. Rh8 Kg6 45. Rd8 {
1/2-1/2 Braune,S-Branowski,M/Germany 1996/EXT 98 (45)}) (11. Bc4 b5 12. Bd5 Rb8
13. O-O b4 14. Ne2 Nxe2+ 15. Qxe2 Nxd5 16. exd5 d6 17. f4 e4 18. a3 O-O 19.
axb4 Rxb4 20. Ra3 f5 21. Rg3 Qe8 22. Bd2 Rb8 23. Bc3 Rf7 24. Qh5 Bd7 25. Rh3 h6
{Pereira,S-Olivencia,F/Sao Paulo 2001/CBM 84 ext/1-0 (45)}) (11. Bd3 $142 $5
$14 {lohnt die Pruefung}) 11... Nxd5 $15 12. exd5 $4 (12. c3 $142 {
geht wohl noch} 12... Ne3 13. cxd4 (13. Qxe3 $4 Nc2+ 14. Kf2 Nxe3 15. Bxe3 d6
$19) 13... exd4 14. Qd3 $15) 12... Nxc2+ $19 13. Kd1 Nxa1 14. Bd3 f5 (14... Qd6
{und Schwarz haette es noch leichter} 15. b4 Qxd5 16. Bb1 $19) 15. d6 (15. b4 {
waere gleichermassen fruchtlos} 15... e4 16. Bf1 a5 $19) 15... O-O 16. Bc4+ Kh8
17. b3 e4 (17... Rf6 $5 {laesst dem Gegner kaum Chancen} 18. Ba3 b5 19. Bd5 $19
) 18. Bb2 e3 19. Qxe3 (19. Qc3 {hilft allerdings auch nicht} 19... Rf6 20. Rg1
$19) 19... Qxd6+ (19... Qxg2 $142 {entschiede die Partie sofort} 20. Bxg7+ Qxg7
$19) 20. Kc1 f4 21. Qc3 Qg6 22. Bxa1 d5 (22... Qxg2 23. Qe1 d6 24. Rg1 $18) 23.
Bxd5 Bf5 24. Re1 Rfe8 (24... Rac8 $142 $5 {ginge schneller} 25. Bc4 b5 26. Re7
$19) 25. Rxe8+ Rxe8 26. Bxb7 (26. Qd2 $19) 26... Qxg2 27. Bxa6 (27. Qxg7+ {
nuetzt auch nichts mehr} 27... Qxg7 28. Bxg7+ Kxg7 $19) 27... Ra8 (27... Re1+
$1 28. Qxe1 Qc2#) 28. Qc7 (28. Qc6 {bietet noch letzte Rettungschancen} 28...
Qg1+ 29. Kb2 Qd4+ 30. Ka3 $19) 28... Qg1+ 29. Kd2 (29. Kb2 {
verlaengert das Leiden} 29... Qd4+ 30. Qc3 Qf2+ 31. Kc1 Qg1+ 32. Kb2 Qxh2+ 33.
Kc1 Qh1+ 34. Kb2 Qg2+ 35. Ka3 Rxa6+ 36. Kb4 $19) 29... Qxa1 (29... Qxa1 30. Bd3
Qd4 31. Qc5 Qxc5 32. Bxf5 Rxa2+ 33. Kd3 Qb4 34. Bxh7 Rd2#) 0-1